|
|
|
|
| LEADER |
00000cac a2200000 i 4500 |
| 003 |
Ucuenca |
| 005 |
20230308164236.0 |
| 006 |
a||||gr|||| 001 0 |
| 007 |
ta |
| 008 |
990122s1982 sp gr|||||||1|||spa a |
| 020 |
|
|
|a 84-7509-163-6
|
| 040 |
|
|
|b spa
|a UCuenca-cdrjbv
|c UCuenca
|e rda
|
| 041 |
1 |
|
|a spa
|
| 082 |
0 |
|
|2 21
|a 306
|c 90625
|
| 100 |
1 |
|
|9 31635
|a White, Leslie A.
|e autor
|
| 245 |
1 |
3 |
|a La ciencia de la cultura:
|b un estudio sobre el hombre y la civilización /
|c Leslie A. White, traductor, Gerardo Steenks.
|
| 250 |
|
|
|a Primera edición.
|
| 264 |
|
1 |
|a Barcelona:
|b Paidós,
|c 1982.
|
| 300 |
|
|
|a xxxvii, 408 páginas:
|c 22 cm
|
| 336 |
|
|
|2 rdacontent
|a texto
|b txt
|
| 337 |
|
|
|2 rdamedia
|a no mediado
|b n
|
| 338 |
|
|
|2 rdacarrier
|a volumen
|b nc
|
| 490 |
0 |
|
|a Paidós Básica,
|v no. 9
|
| 500 |
|
|
|a Contiene índice de nombres y analítico
|
| 504 |
|
|
|a incl. ref.
|
| 505 |
1 |
|
|a Ciencias y símbolos -- Hombre y cultura -- Energía y civilización -- Culturología.
|
| 650 |
1 |
7 |
|2 UCuenca-cdrjbv
|9 39642
|a Interculturalidad
|
| 650 |
1 |
7 |
|2 UCuenca-cdrjbv
|9 1387
|a Antropología
|
| 650 |
1 |
7 |
|2 UCuenca-cdrjbv
|9 9035
|a Civilización
|
| 700 |
1 |
|
|a Steenks, Gerardo.
|e traductor
|9 248478
|
| 852 |
|
|
|a UC-CDJBV
|
| 942 |
|
|
|2 ddc
|c CR
|r teodoro.astudillo@ucuenca.edu.ec
|
| 999 |
|
|
|c 24449
|d 24449
|